| 000 | 01335nam a2200241 u 4500 | ||
|---|---|---|---|
| 001 | 000550841 | ||
| 003 | AM-YeHGA | ||
| 005 | 20250617140022.0 | ||
| 008 | 070919s1988 ||| r 000 0 rus d | ||
| 020 | _a5120010725 | ||
| 040 | _aAM-YeHGA | ||
| 041 | 0 | _arus | |
| 245 | 0 | 0 |
_aМинералообразующие флюиды и рудогенез : _bМатериалы VII Всесоюз. совещ. по термобарометрии и геохимии рудообразующих флюидов (Львов, 30 сент. - 2 окт. 1985 г.) / _cРедкол.: В.А. Калюжный (отв. ред.) и др. |
| 260 |
_aКиев : _bНаук. думка, _c1988. |
||
| 300 |
_a265 с. : _b[2] л. ил., ил. |
||
| 504 | _aБиблиогр. в конце докл. | ||
| 550 | _aАН УССР, Ин-т геологии и геохимии горючих ископаемых | ||
| 653 | 0 | _aФлюиды (геол.) - Сборники | |
| 653 | 0 | _aРудообразование - Связь с изверженными породами - Сборники | |
| 700 | 1 |
_aКалюжный, Владимир Антонович _eред. _4edt |
|
| 711 | 2 | _aВсесоюзное совещание по термобарометрии и геохимии рудообразующих флюидов | |
| 090 | _c213288 | ||
| 999 |
_c211776 _d211776 |
||